Responses for Show #8013 - Wednesday, June 12, 2019

Contestants

[<< previous game]

E.J. Wolborsky, a freelance project manager from Brooklyn, New York

Ben Hatch, a pastor from Houston, Texas

Dan Martson, a forklift operator from Declo, Idaho (whose 1-day cash winnings total $40,600)

[next game >>]

Jeopardy! Round responses

DON'T BE AFRAID, IT'S ONLY FOOTBALL
COLLEGE TOWNS
THE RULES THEY JUST MADE UP
WAR IN LITERATURE
"MAC"-INATIONS
OUR PLANET
(Alex: Facts and stunning visuals from the Netflix series.)
    $200 1
the Cowboys

Dan
    $200 6
Bethlehem

E.J.
    $200 15
a bagel

Dan
    $200 16
the Civil War

Dan
    $200 25
macabre

Ben
    $200 30
the Siberian tiger

Dan
    $400 2
a spiral

Dan
    $400 10
Chapel Hill

E.J.
    $400 14
Wilt Chamberlain

E.J.
    $400 17
the Crimean War

E.J.
    $400 24
macaroons

E.J.
    $400 29
a blue whale

Dan
    $600 3
Joe Montana

Dan
    $1,000 8
(E.J.: What is Terre Haute?)

Muncie

E.J.
    $600 13
local taxes

Dan
    $600 18
The Four Horsemen of the Apocalypse

E.J.
    $600 23
Machiavellian

E.J.
    $600 28
calving

Dan
    $800 4
a touchback

Dan
    $800 7
(E.J.: Champaign--What are [*]?)

Champaign and Urbana

E.J.
    $800 11
oak

Dan
    $800 19
Last of the Mohicans

Ben
    $800 22
macramé

Dan
    $800 27
sea urchins

E.J.
    $1000 5
[Applause for Dan running the category]

the Canadian Football League

Dan
    $1000 9
Bozeman

Dan
    $1000 12
the nuclear option

E.J.
    $1000 20
Doctor Zhivago

E.J.
    $1000 21
macular degeneration

E.J.
    $1000 26
Mongolia

Dan

Scores at the first commercial break (after clue 15):

Dan Ben E.J.
$5,600 $0 $1,800

Scores at the end of the Jeopardy! Round:

Dan Ben E.J.
$8,800 $1,000 $6,600

Double Jeopardy! Round responses

THE AMERICAN PRESIDENCY PROJECT
(Alex: Which is an online collection of more than 130,000 documents hosted by U.C. Santa Barbara.)
POP CULTURE FOOD & DRINK
EPONYMS
QUOTING THE SHAKESPEARE CHARACTER
FAR FROM
THE MADDEN CROWD
    $400 16
1961

E.J.
    $400 29
Seinfeld

Dan
    $400 5
(Melvil) Dewey

E.J.
    $400 12
King Lear

Dan
    $400 30
the Gobi

Dan
    $400 11
Gwyneth Paltrow

Dan
    $5,000 17
(E.J.: What are speeches?)

vetoes

E.J.
    $800 24
Mr. Peanut

Dan
    $800 4
Morse code

Dan
    $3,000 13
(Dan: Who is... Puck?)

Bottom

Dan
    $800 28
London Bridge

E.J.
    $800 9
House Stark

E.J.
    $1200 18
debates

Ben
    $1200 22
milk

Dan
    $1200 3
Wellington

Triple Stumper
    $1200 14
Marc Antony

Dan
    $1200 27
American Samoa

Dan
    $1200 7
(women's) shoes

E.J.
    $1600 20
(E.J.: What is the American Legion?)

the Grand Army of the Republic

E.J.
Triple Stumper
    $1600 21
chardonnay

E.J.
    $1600 2
gerrymandering

E.J.
    $1600 1
Henry V

E.J.
    $1600 26
the Kuiper Belt

Dan
    $1600 8
the Cotton Club

Dan
    $2000 19
the Whigs

E.J.
    $2000 23
Fast Food Nation

E.J.
    $2000 6
mesmerism

Triple Stumper
    $2000 15
(Ben: Who is Prospero?)

Ariel

Ben
Triple Stumper
    $2000 25
(Alex: Less than a minute now.)

Mount Chimborazo

Triple Stumper
    $2000 10
Good Charlotte

E.J.

Scores at the end of the Double Jeopardy! Round:

Dan Ben E.J.
$15,800 $200 $14,400

[wagering suggestions for these scores]

Final Jeopardy! Round responses

POPULAR PRODUCTS
(Alex: And I bet I'm the only one on the stage right now who got one of these as a gift when I was a little boy.)
...
(Ben: [After Alex reads his response] That's my wife.)
[Laughter]
(Alex: Okay. You're sending a message, and I'm not going to ask you to explain it, Pastor. Remember, he's a pastor.)
(Ben: Amen.)
BenWhat is Sarah Queen of Hotness?
$116
E.J.What is Kodak Viewmaster?
$14,400
DanWhat is Occulus?
$13,001
View-Master

Final scores:

Dan Ben E.J.
$2,799 $84 $28,800
2nd place: $2,000 3rd place: $1,000 New champion: $28,800

Game dynamics:

Coryat scores:

Dan Ben E.J.
$18,800 $200 $20,400
26 R,
1 W
(including 1 DD)
3 R,
1 W
23 R,
3 W
(including 2 DDs)

Combined Coryat: $39,400

[game clues] [game scores] [suggest correction]

Game tape date: 2019-03-13
The J! Archive is created by fans, for fans. Scraping, republication, monetization, and malicious use prohibited; this site may use cookies and collect identifying information. See terms. The Jeopardy! game show and all elements thereof, including but not limited to copyright and trademark thereto, are the property of Jeopardy Productions, Inc. and are protected under law. This website is not affiliated with, sponsored by, or operated by Jeopardy Productions, Inc. Join the discussion at JBoard.tv.